000 00488nam a2200205Ia 4500
005 20230405090453.0
008 131103s9999 xx 000 0 und d
040 _aLoreto College
041 _aEnglish
082 _a891.448
_bVIV
100 _aVivekananda
245 _aBharatiyo nari
_cVivekananda
250 _a3rd ed.
260 _aCalcutta
_bUtbodhan
_c1343
300 _a120p.
650 _aBengali Literature
651 _aWomen - Essays
850 _aLCLIB
942 _cBK
999 _c23036
_d73515